[Event "Montcalm 2 2023-24"]
[Site "Quebec CAN"]
[Date "2023.10.12"]
[Round "1"]
[White "Genest, Dominic"]
[Black "Chabot, Sebastien"]
[Result "1-0"]
[WhiteElo "1850"]
[BlackElo "1293"]
[PlyCount "63"]
[EventDate "2023.10.12"]
[EventType "swiss"]
[EventRounds "5"]
[EventCountry "CAN"]

1. c4 Nf6 2. g3 e5 3. Bg2 Bc5 4. Nf3 d6 5. Nc3 Nc6 6. O-O O-O 7. d3 Bg4 8. a3
a5 9. h3 Bxf3 10. Bxf3 Nd4 11. Bxb7 Rb8 12. Bg2 Nb3 13. Rb1 c6 14. Bxc6 Nxc1
15. Qxc1 Qe7 16. Nd5 Qe6 17. Nxf6+ Qxf6 18. Qd2 Rb6 19. Bg2 Rfb8 20. Qxa5 Qg5
21. b4 Bd4 22. Kh2 Qe7 23. e3 Bc3 24. Rfc1 Bd2 25. Rc2 Bxe3 26. fxe3 Qg5 27.
Re1 h5 28. b5 Qg6 29. Qd2 Rf8 30. Bd5 Kh8 31. Rf1 f6 32. a4 1-0

[Event "Montcalm 2 2023-24"]
[Site "Quebec CAN"]
[Date "2023.10.12"]
[Round "1"]
[White "Huxley, Zachary"]
[Black "Perreault, Jacquelin"]
[Result "1-0"]
[WhiteElo "1206"]
[BlackElo "1744"]
[PlyCount "143"]
[EventDate "2023.10.12"]
[EventType "swiss"]
[EventRounds "5"]
[EventCountry "CAN"]

1. e4 c5 2. Nf3 d6 3. c3 Nf6 4. Bb5+ Nc6 5. d3 e6 6. Bg5 Be7 7. O-O Bd7 8. Na3
a6 9. Ba4 O-O 10. Bb3 b5 11. Qe2 Qc7 12. Nc2 Rac8 13. Ne3 h6 14. Bxf6 Bxf6 15.
Ng4 Be7 16. Qd2 Kh7 17. Rfe1 Na5 18. Bc2 e5 19. Ne3 Be6 20. b3 Rb8 21. d4 cxd4
22. cxd4 Rfc8 23. dxe5 dxe5 24. Nxe5 Rd8 25. Nd3 Kg8 26. Qe2 Bf6 27. Rac1 Nc6
28. Bb1 Qb6 29. Nf4 Nd4 30. Qf1 Bg5 31. Nxe6 Qxe6 32. Rcd1 Qe5 33. Nd5 Ne6 34.
g3 Bf6 35. f4 Qb2 36. e5 Rxd5 37. Rxd5 Be7 38. Qd3 Nf8 39. Qc2 Qxc2 40. Bxc2
Rc8 41. Bf5 Rc3 42. Red1 g6 43. Bb1 Ne6 44. f5 gxf5 45. Bxf5 Ng5 46. Kg2 Kg7
47. R1d3 Rc2+ 48. Rd2 Rc3 49. R5d3 Rc5 50. h4 Rxe5 51. hxg5 Rxf5 52. gxh6+ Kxh6
53. g4 Rg5 54. Kf3 Bb4 55. Rh2+ Kg6 56. Rh5 Rxh5 57. gxh5+ Kxh5 58. Rd5+ Kg6
59. Rd7 Bc3 60. Rd6+ f6 61. Rxa6 b4 62. Ke4 Kg5 63. Kd3 Be1 64. a4 bxa3 65.
Rxa3 f5 66. Ke2 Bc3 67. Kf3 Bd2 68. Ra4 f4 69. b4 Kf6 70. b5 Be3 71. Rb4 Ke6
72. b6 1-0

[Event "Montcalm 2 2023-24"]
[Site "Quebec CAN"]
[Date "2023.10.12"]
[Round "1"]
[White "Lapierre, Gaetan"]
[Black "Jardine, Robert"]
[Result "1/2-1/2"]
[WhiteElo "1729"]
[BlackElo "1163"]
[PlyCount "104"]
[EventDate "2023.10.12"]
[EventType "swiss"]
[EventRounds "5"]
[EventCountry "CAN"]

1. e4 d6 2. d4 Nf6 3. Nc3 g6 4. f3 c6 5. a4 Qa5 6. Be3 Nbd7 7. Qd2 Bg7 8. Rb1
a6 9. b4 Qc7 10. a5 b5 11. axb6 Nxb6 12. Bd3 Bb7 13. Nge2 Nbd7 14. h4 e5 15.
dxe5 Nxe5 16. Na4 Nfd7 17. Bh6 Bf6 18. Kf2 Nb6 19. Nxb6 Qxb6+ 20. Be3 Qc7 21.
h5 Kd7 22. c4 Qd8 23. c5 Kc7 24. Nc1 g5 25. cxd6+ Qxd6 26. Bc5 Qe6 27. Be2 Rhd8
28. Qc2 h6 29. b5 Kc8 30. bxa6 Bxa6 31. Bxa6+ Rxa6 32. Rd1 Rxd1 33. Qxd1 Qc4
34. Bd6 Nd7 35. Rb4 Qc3 36. Ne2 Qa1 37. Rb1 Qa5 38. Qc2 Rb6 39. Rxb6 Qxb6+ 40.
Kf1 Qb5 41. Qa2 Ne5 42. Qa8+ Kd7 43. Bxe5 Bxe5 44. Qa7+ Bc7 45. Qd4+ Kc8 46.
Qh8+ Kb7 47. Qd4 Bb6 48. Qd7+ Ka6 49. Qc8+ Ka5 50. Qa8+ Kb4 51. Qa2 Qc4 52.
Qd2+ Kb5 1/2-1/2

[Event "Montcalm 2 2023-24"]
[Site "Quebec CAN"]
[Date "2023.10.12"]
[Round "1"]
[White "Marquis, Paul"]
[Black "Boissinot, Claude"]
[Result "1-0"]
[WhiteElo "1918"]
[BlackElo "1466"]
[PlyCount "53"]
[EventDate "2023.10.12"]
[EventType "swiss"]
[EventRounds "5"]
[EventCountry "CAN"]

1. e4 c5 2. Nf3 e6 3. d4 cxd4 4. Nxd4 Nf6 5. Nc3 d6 6. g4 h6 7. h4 Be7 8. Rg1
a6 9. g5 hxg5 10. hxg5 Nfd7 11. g6 Ne5 12. gxf7+ Kxf7 13. Bf4 Nbd7 14. Nxe6 Qa5
15. Nxg7 Nf6 16. Nf5 Bxf5 17. exf5 Rac8 18. Bd2 Qc7 19. Qe2 Qc6 20. O-O-O b5
21. Bg2 Qd7 22. Be4 Qc7 23. f4 b4 24. fxe5 dxe5 25. Qg2 Rhg8 26. Bd5+ Nxd5 27.
Qxd5+ 1-0

[Event "Montcalm 2 2023-24"]
[Site "Quebec CAN"]
[Date "2023.10.12"]
[Round "1"]
[White "Mercure, Gilbert"]
[Black "Hasbun, Merick"]
[Result "1-0"]
[WhiteElo "1791"]
[BlackElo "1250"]
[PlyCount "79"]
[EventDate "2023.10.12"]
[EventType "swiss"]
[EventRounds "5"]
[EventCountry "CAN"]

1. e4 c6 2. d4 d5 3. f3 e6 4. Nc3 Bb4 5. Bd2 Nd7 6. Bd3 Qb6 7. Nge2 c5 8. exd5
cxd4 9. Ne4 e5 10. O-O Bxd2 11. Qxd2 Ne7 12. Kh1 Nxd5 13. f4 O-O 14. fxe5 Nxe5
15. N4g3 Nf6 16. Nxd4 Nxd3 17. Qxd3 Rd8 18. c3 Qxb2 19. Rae1 Be6 20. Ngf5 Qxa2
21. Qg3 Bxf5 22. Rxf5 Qa6 23. Rfe5 Re8 24. Nf5 g6 25. Nh6+ Kg7 26. Nf5+ Kg8 27.
Ne7+ Kf8 28. Qg5 Kg7 29. h4 h6 30. Nf5+ Kg8 31. Nxh6+ Kh7 32. Nxf7 Rxe5 33.
Nxe5 Nh5 34. Qe7+ Ng7 35. Nd7 Qa5 36. Re3 Kh6 37. Ne5 Qb6 38. Rg3 Nf5 39. Ng4+
Kh5 40. Qg5# 1-0

[Event "Montcalm 2 2023-24"]
[Site "Quebec CAN"]
[Date "2023.10.12"]
[Round "1"]
[White "Michaud, Jacques"]
[Black "Cournoyer, Dominic"]
[Result "0-1"]
[WhiteElo "1446"]
[BlackElo "1908"]
[PlyCount "88"]
[EventDate "2023.10.12"]
[EventType "swiss"]
[EventRounds "5"]
[EventCountry "CAN"]

1. d4 Nf6 2. Bg5 d5 3. c4 c6 4. Nc3 Nbd7 5. Nf3 h6 6. Bh4 e6 7. e4 dxe4 8. Nxe4
Be7 9. Bd3 Nxe4 10. Bxe7 Nxf2 11. Bxd8 Nxd1 12. Rxd1 Kxd8 13. Kf2 Kc7 14. Rhe1
Nf6 15. Ne5 Rf8 16. Re3 Nd7 17. Bc2 Nb6 18. Rc3 f6 19. Nf3 Bd7 20. d5 Rae8 21.
d6+ Kb8 22. a4 a5 23. Nd4 c5 24. Nb5 Bxb5 25. axb5 Nd7 26. Ra3 b6 27. Be4 Rd8
28. Bc6 Ne5 29. Rc3 g5 30. b3 h5 31. h3 Ng6 32. Re3 e5 33. d7 Nf4 34. Rd2 Ne6
35. Rd6 Nd4 36. Bf3 Kc7 37. Rd5 Rh8 38. Be4 Rxd7 39. Rxd7+ Kxd7 40. Bd5 Kd6 41.
Rd3 f5 42. Bc6 e4 43. Re3 Nxc6 44. bxc6 Kxc6 0-1

[Event "Montcalm 2 2023-24"]
[Site "Quebec CAN"]
[Date "2023.10.12"]
[Round "1"]
[White "Ouellet, Julien"]
[Black "Sauve, Richard"]
[Result "0-1"]
[WhiteElo "1500"]
[BlackElo "1943"]
[PlyCount "60"]
[EventDate "2023.10.12"]
[EventType "swiss"]
[EventRounds "5"]
[EventCountry "CAN"]

1. a3 d5 2. d4 e6 3. Nf3 Nf6 4. Bg5 c5 5. c3 Nc6 6. Bxf6 Qxf6 7. e3 Bd6 8. Bd3
O-O 9. Nbd2 cxd4 10. exd4 e5 11. dxe5 Nxe5 12. Nxe5 Re8 13. O-O Rxe5 14. Re1
Rxe1+ 15. Qxe1 Bd7 16. g3 Re8 17. Qd1 Re5 18. f4 Bc5+ 19. Kg2 Re3 20. Nf1 Re8
21. Qc2 h5 22. h4 Qe6 23. f5 Qe5 24. Rd1 Bc6 25. Rd2 d4+ 26. Kh2 Qd5 27. Kh3
dxc3 28. bxc3 Qf3 29. Nh2 Qd5 30. Be2 Qg2# 0-1

[Event "Montcalm 2 2023-24"]
[Site "Quebec CAN"]
[Date "2023.10.12"]
[Round "1"]
[White "Talbot, Raymond"]
[Black "Plante, Rejean"]
[Result "1-0"]
[WhiteElo "1594"]
[BlackElo "2021"]
[PlyCount "79"]
[EventDate "2023.10.12"]
[EventType "swiss"]
[EventRounds "5"]
[EventCountry "CAN"]

1. e4 c5 2. Nc3 Nc6 3. Nge2 g6 4. d4 cxd4 5. Nxd4 Bg7 6. Nxc6 bxc6 7. Bc4 d6 8.
O-O Qa5 9. Qd3 Nf6 10. Bd2 Ng4 11. Ne2 Qh5 12. h3 Ne5 13. Nf4 Qh4 14. g3 Nxd3
15. gxh4 Nxf4 16. Bxf4 Bxb2 17. Rab1 Bg7 18. Kh2 O-O 19. Rg1 Be6 20. Bb3 c5 21.
Bg5 c4 22. Ba4 f6 23. Be3 f5 24. Rb7 fxe4 25. Rxe7 Be5+ 26. Kg2 Bf5 27. Bb5
Rfc8 28. Ba6 Rcb8 29. Bxc4+ Kh8 30. Bb3 a5 31. a4 Rd8 32. Rd1 Rac8 33. Rd5 Bc3
34. Rxa5 Bf6 35. Raa7 d5 36. Rf7 Be5 37. Rae7 Bc3 38. Bh6 Rc6 39. Bxd5 Rcd6 40.
Rxh7# 1-0

[Event "Montcalm 2 2023-24"]
[Site "Quebec CAN"]
[Date "2023.10.19"]
[Round "2"]
[White "Bergeron, Nicolas"]
[Black "Genest, Dominic"]
[Result "1/2-1/2"]
[WhiteElo "1322"]
[BlackElo "1850"]
[PlyCount "101"]
[EventDate "2023.10.12"]
[EventType "swiss"]
[EventRounds "5"]
[EventCountry "CAN"]

1. e4 e6 2. d4 d5 3. Nd2 dxe4 4. Nxe4 Nf6 5. Nxf6+ Qxf6 6. Nf3 h6 7. Bd3 Nc6 8.
c3 b6 9. Qe2 Bd6 10. Bd2 Bb7 11. d5 Ne5 12. Bb5+ Ke7 13. Nxe5 Qxe5 14. Qxe5
Bxe5 15. dxe6 Bxg2 16. Rg1 Bf3 17. exf7 Bxh2 18. Rxg7 Kf6 19. Rg8 Rhxg8 20.
fxg8=Q Rxg8 21. Bxh6 Rg1+ 22. Bf1 Ke5 23. Kd2 Rg6 24. Re1+ Kd6 25. Be3 Kc6 26.
Be2 Rd6+ 27. Bd4 Bf4+ 28. Kd3 Bd5 29. Bg4 Kb7 30. c4 Bf7 31. Kc3 c5 32. Re7+
Kb8 33. Bxc5 Bd2+ 34. Kb3 Rd3+ 35. Ka4 Bxc4 36. Re8+ Kb7 37. Bb4 Bxb4 38. Kxb4
Bxa2 39. Re7+ Kc6 40. Rxa7 Rb3+ 41. Ka4 Rxb2 42. Bd7+ Kd6 43. f3 Bb3+ 44. Kb4
Bd5+ 45. Kc3 Rb3+ 46. Kd4 Rxf3 47. Bb5 Rb3 48. Rd7+ Ke6 49. Rxd5 Rb4+ 50. Bc4
Ke7 51. Rb5 1/2-1/2

[Event "Montcalm 2 2023-24"]
[Site "Quebec CAN"]
[Date "2023.10.19"]
[Round "2"]
[White "Brown, Zachary"]
[Black "Drolet, Stephane"]
[Result "0-1"]
[WhiteElo "1566"]
[BlackElo "2048"]
[PlyCount "116"]
[EventDate "2023.10.12"]
[EventType "swiss"]
[EventRounds "5"]
[EventCountry "CAN"]

1. e4 e6 2. d4 d5 3. exd5 exd5 4. Nf3 Bd6 5. Bd3 Ne7 6. O-O Bg4 7. Nbd2 Nbc6 8.
c3 Qd7 9. Qc2 h6 10. Re1 O-O-O 11. Ne5 Bxe5 12. dxe5 Bf5 13. Nb3 Bxd3 14. Qxd3
Qf5 15. Nc5 Qxd3 16. Nxd3 g5 17. Be3 Ng6 18. Bd4 Rhe8 19. Re3 b6 20. Rae1 Nf8
21. Rh3 Ne6 22. Rxh6 Ncxd4 23. cxd4 Nxd4 24. f4 Rg8 25. fxg5 Rxg5 26. Rf6 Rd7
27. Re3 Ne6 28. Ref3 Rg7 29. Nf4 Nxf4 30. R6xf4 c5 31. Kf2 Kd8 32. g4 Re7 33.
h3 Ke8 34. Rf5 d4 35. Ke2 Rg6 36. Kd3 Rge6 37. Ke4 f6 38. Rxf6 Rxe5+ 39. Kd3
Re3+ 40. Kc4 Rxf3 41. Rxf3 Re2 42. Ra3 Kd7 43. b4 Kc6 44. bxc5 bxc5 45. Rxa7
Rc2+ 46. Kb3 Rc3+ 47. Kb2 Rxh3 48. g5 Rg3 49. g6 Kb6 50. Rg7 c4 51. Rg8 Rg2+
52. Kc1 d3 53. g7 Kb7 54. Rd8 Rxg7 55. Rd4 Rg1+ 56. Kd2 Rg2+ 57. Kc3 Rc2+ 58.
Kb4 d2 0-1

[Event "Montcalm 2 2023-24"]
[Site "Quebec CAN"]
[Date "2023.10.19"]
[Round "2"]
[White "Cournoyer, Dominic"]
[Black "Duguay-Piron, Simon"]
[Result "0-1"]
[WhiteElo "1908"]
[BlackElo "1611"]
[PlyCount "46"]
[EventDate "2023.10.12"]
[EventType "swiss"]
[EventRounds "5"]
[EventCountry "CAN"]

1. c4 e5 2. Nc3 Bb4 3. Nf3 Bxc3 4. bxc3 d6 5. g3 Nc6 6. Bg2 Nge7 7. O-O O-O 8.
d4 f6 9. Ba3 b6 10. c5 bxc5 11. dxc5 d5 12. Nd2 Rb8 13. Rb1 Be6 14. Qa4 Qd7 15.
Rfd1 Bh3 16. Bf3 Qe6 17. Nb3 e4 18. Bh1 f5 19. e3 f4 20. Nd4 fxe3 21. f3 exf3
22. Bxf3 Nxd4 23. cxd4 e2 0-1

[Event "Montcalm 2 2023-24"]
[Site "Quebec CAN"]
[Date "2023.10.19"]
[Round "2"]
[White "Desbiens, Raphael"]
[Black "Lapierre, Gaetan"]
[Result "1-0"]
[WhiteElo "2125"]
[BlackElo "1729"]
[PlyCount "55"]
[EventDate "2023.10.12"]
[EventType "swiss"]
[EventRounds "5"]
[EventCountry "CAN"]

1. e4 c5 2. Nf3 d6 3. Bb5+ Bd7 4. Bxd7+ Nxd7 5. O-O g6 6. c3 Ngf6 7. Re1 Bh6 8.
d4 Bxc1 9. Qxc1 h6 10. e5 dxe5 11. dxe5 Nd5 12. e6 fxe6 13. c4 N5f6 14. Qc2 Kf7
15. Nc3 Qc7 16. h4 Rag8 17. Rad1 g5 18. Ne4 gxh4 19. Qe2 Nf8 20. Nxh4 Rg4 21.
Nxf6 Rxh4 22. Ng4 Rg8 23. Ne5+ Ke8 24. Qf3 Rg7 25. Re4 Ng6 26. Rxh4 Nxh4 27.
Qh5+ Kf8 28. Nd7+ 1-0

[Event "Montcalm 2 2023-24"]
[Site "Quebec CAN"]
[Date "2023.10.19"]
[Round "2"]
[White "Dumont, Eric"]
[Black "Marquis, Paul"]
[Result "1/2-1/2"]
[WhiteElo "1715"]
[BlackElo "1918"]
[PlyCount "74"]
[EventDate "2023.10.12"]
[EventType "swiss"]
[EventRounds "5"]
[EventCountry "CAN"]

1. d4 Nf6 2. Bf4 c5 3. dxc5 Qa5+ 4. c3 Qxc5 5. Nf3 d6 6. Nbd2 g6 7. e4 Bg7 8.
Be3 Qc7 9. Bb5+ Bd7 10. Bxd7+ Nbxd7 11. O-O O-O 12. Qc2 b5 13. Rac1 Rfc8 14.
Qb1 Nb6 15. h3 Nc4 16. Nxc4 bxc4 17. Rfd1 Qb7 18. e5 dxe5 19. Nxe5 Qb5 20. Bd4
Bh6 21. Rc2 Rd8 22. Re2 Qd5 23. Ree1 Qb5 24. Qc2 Nd7 25. Nf3 e6 26. Qe2 a6 27.
Nh2 Bg7 28. Ng4 h5 29. Bxg7 Kxg7 30. Ne3 Nb6 31. Rd2 Rxd2 32. Qxd2 Ra7 33. Qd4+
e5 34. Qe4 Rd7 35. Rd1 Rxd1+ 36. Nxd1 Nd7 37. Qe2 Nb6 1/2-1/2

[Event "Montcalm 2 2023-24"]
[Site "Quebec CAN"]
[Date "2023.10.19"]
[Round "2"]
[White "Hasbun, Merick"]
[Black "Ouellet, Julien"]
[Result "0-1"]
[WhiteElo "1250"]
[BlackElo "1500"]
[PlyCount "82"]
[EventDate "2023.10.12"]
[EventType "swiss"]
[EventRounds "5"]
[EventCountry "CAN"]

1. e4 c6 2. d4 d5 3. e5 c5 4. dxc5 Nc6 5. f4 Nh6 6. h3 e6 7. Be3 Nf5 8. Bf2 g5
9. Bd3 gxf4 10. Bxf5 exf5 11. Nf3 Be6 12. c3 Rg8 13. O-O Qc7 14. Bd4 Bh6 15.
Na3 a6 16. Nc2 Kf8 17. Nce1 Kg7 18. Nd3 Ne7 19. Kh1 Kh8 20. Ng1 Ng6 21. Ne2 Bg7
22. Nexf4 Nxe5 23. Nxe5 Bxe5 24. Bxe5+ Qxe5 25. Qd4 Qg7 26. Nh5 Qxd4 27. cxd4
Rg5 28. Nf4 Kg7 29. b4 Kf8 30. a4 Ke7 31. Kh2 Kd7 32. Rf3 Rb8 33. Rg3 h6 34. b5
Kc7 35. h4 Rg4 36. Rxg4 fxg4 37. Rb1 axb5 38. axb5 Ra8 39. Re1 Kd7 40. Re5 Ra3
41. Nxd5 g3+ 0-1

[Event "Montcalm 2 2023-24"]
[Site "Quebec CAN"]
[Date "2023.10.19"]
[Round "2"]
[White "Laflamme, Simon"]
[Black "Michaud, Jacques"]
[Result "1-0"]
[WhiteElo "1895"]
[BlackElo "1446"]
[PlyCount "61"]
[EventDate "2023.10.12"]
[EventType "swiss"]
[EventRounds "5"]
[EventCountry "CAN"]

1. Nf3 Nf6 2. c4 g6 3. Nc3 d5 4. cxd5 Nxd5 5. Qb3 Be6 6. Qxb7 Nxc3 7. bxc3 Bd5
8. Qb5+ Bc6 9. Qb3 Bg7 10. d4 O-O 11. Ba3 Nd7 12. e3 Rb8 13. Qc2 Re8 14. e4 e6
15. Bd3 f5 16. O-O fxe4 17. Bxe4 Bxe4 18. Qxe4 Nf6 19. Qc2 Qd5 20. Rfe1 Rb6 21.
Bc5 Ra6 22. Ne5 Nh5 23. g3 Bxe5 24. Rxe5 Qf3 25. Re3 Qg4 26. Qe2 Qh3 27. Qxa6
Nf4 28. gxf4 Qg4+ 29. Rg3 Qxf4 30. Re1 Qd2 31. Rxe6 1-0

[Event "Montcalm 2 2023-24"]
[Site "Quebec CAN"]
[Date "2023.10.19"]
[Round "2"]
[White "Oliver, Vance"]
[Black "Auger, Bertrand"]
[Result "0-1"]
[WhiteElo "1607"]
[BlackElo "1974"]
[PlyCount "60"]
[EventDate "2023.10.12"]
[EventType "swiss"]
[EventRounds "5"]
[EventCountry "CAN"]

1. e4 e6 2. d4 d5 3. Nd2 c5 4. Ngf3 Nc6 5. exd5 exd5 6. Bb5 Nf6 7. c3 Be7 8.
O-O O-O 9. Re1 a6 10. Ba4 b5 11. Bc2 Bg4 12. h3 Bh5 13. Nf1 Ne4 14. Bf4 cxd4
15. cxd4 Bb4 16. Rxe4 dxe4 17. Bxe4 Qf6 18. Be3 Bxf3 19. Bxf3 Rad8 20. d5 Qe7
21. Qb3 Ne5 22. Be2 Bd6 23. Ng3 f5 24. Bd2 Rc8 25. Rc1 Rxc1+ 26. Bxc1 g6 27. a4
Rc8 28. Bf4 Nc4 29. Bxd6 Nxd6 30. Nf1 Qxe2 0-1

[Event "Montcalm 2 2023-24"]
[Site "Quebec CAN"]
[Date "2023.10.19"]
[Round "2"]
[White "Perreault, Jacquelin"]
[Black "Miskic, Zdenko"]
[Result "1/2-1/2"]
[WhiteElo "1744"]
[BlackElo "1410"]
[PlyCount "226"]
[EventDate "2023.10.12"]
[EventType "swiss"]
[EventRounds "5"]
[EventCountry "CAN"]

1. e4 d5 2. exd5 Qxd5 3. Nf3 Bg4 4. Be2 e6 5. d4 Nf6 6. Nc3 Qd8 7. O-O Be7 8.
h3 Bh5 9. Re1 O-O 10. Bg5 c5 11. dxc5 Bxc5 12. Qxd8 Rxd8 13. Rad1 Nc6 14. Rxd8+
Rxd8 15. Bxf6 gxf6 16. Ne4 Be7 17. Rd1 Rxd1+ 18. Bxd1 Bg6 19. Nc3 Nb4 20. Ne1
Bc5 21. a3 Nc6 22. Bf3 Kf8 23. Ne4 Be7 24. g4 Nd4 25. Bg2 f5 26. Nd2 b6 27. c3
Ne2+ 28. Kh1 fxg4 29. hxg4 Bh4 30. Ne4 f5 31. gxf5 Bxf5 32. Nd6 Bxf2 33. Nxf5
exf5 34. Nd3 Bg3 35. Bh3 f4 36. Kg2 Ke7 37. Bg4 f3+ 38. Kxf3 h5 39. Bxh5 Nxc3
40. bxc3 Bd6 41. a4 Kd7 42. Ke4 Kc7 43. Kd5 Bh2 44. c4 Bg1 45. c5 bxc5 46. Nxc5
Kb6 47. Nb3 a5 48. Be8 Bf2 49. Nd2 Be1 50. Nc4+ Ka6 51. Bb5+ Ka7 52. Kc6 Bb4
53. Nd6 Be1 54. Be2 Bb4 55. Nc8+ Kb8 56. Nb6 Ka7 57. Kb5 Kb8 58. Nc4 Ka7 59.
Nxa5 Be1 60. Bf3 Bf2 61. Nc6+ Kb7 62. a5 Kc7 63. a6 Kd6 64. Nb4 Kc7 65. Nd5+
Kb8 66. Kc6 Ka7 67. Be2 Bg1 68. Bb5 Bf2 69. Ne7 Bg1 70. Nc8+ Kb8 71. Kd7 Bf2
72. Bc6 Bg1 73. Bb7 Bf2 74. Ne7 Ka7 75. Kc8 Kb6 76. Nc6 Kb5 77. a7 Bxa7 78.
Nxa7+ Kc5 79. Kc7 Kd4 80. Kd6 Kc4 81. Bc6 Kd4 82. Nb5+ Kc4 83. Nc7 Kd4 84. Bd5
Ke3 85. Ke5 Kd3 86. Nb5 Ke3 87. Be4 Kd2 88. Kd4 Ke1 89. Ke3 Kd1 90. Bd3 Kc1 91.
Kd4 Kb2 92. Kc4 Kc1 93. Kc3 Kd1 94. Nd6 Ke1 95. Ne4 Kd1 96. Bc4 Kc1 97. Ba2 Kd1
98. Kd3 Kc1 99. Nc3 Kb2 100. Kc4 Ka3 101. Bb3 Kb2 102. Kb4 Kc1 103. Ne4 Kb1
104. Kc3 Kc1 105. Nc5 Kb1 106. Nd3 Ka1 107. Bd5 Kb1 108. Kb3 Ka1 109. Be4 Kb1
110. Nf4+ Kc1 111. Kc3 Kd1 112. Bf3+ Kc1 113. Be4 Kd1 1/2-1/2

[Event "Montcalm 2 2023-24"]
[Site "Quebec CAN"]
[Date "2023.10.19"]
[Round "2"]
[White "Sarra-Bournet, Marc"]
[Black "Huxley, Zachary"]
[Result "1-0"]
[WhiteElo "1843"]
[BlackElo "1206"]
[PlyCount "55"]
[EventDate "2023.10.12"]
[EventType "swiss"]
[EventRounds "5"]
[EventCountry "CAN"]

1. e4 c5 2. Nc3 g6 3. f4 Bg7 4. Nf3 Nc6 5. Bb5 e6 6. Bxc6 bxc6 7. e5 Ne7 8. Ne4
O-O 9. O-O Ba6 10. d3 Qb6 11. Be3 Qxb2 12. Bxc5 Nd5 13. Rb1 Qxa2 14. Ra1 Qb2
15. Rxa6 Rfd8 16. Rxa7 Nxf4 17. Rxa8 Rxa8 18. Bd4 Qa3 19. Nfg5 Nd5 20. Rxf7 h6
21. Rxg7+ Kxg7 22. Nf3 Qf8 23. Nf6 Nxf6 24. exf6+ Kh7 25. Qe1 Qf7 26. Qh4 Ra5
27. Ne5 g5 28. Qe4+ 1-0

[Event "Montcalm 2 2023-24"]
[Site "Quebec CAN"]
[Date "2023.10.19"]
[Round "2"]
[White "Sauve, Richard"]
[Black "Mercure, Gilbert"]
[Result "0-1"]
[WhiteElo "1943"]
[BlackElo "1791"]
[PlyCount "84"]
[EventDate "2023.10.12"]
[EventType "swiss"]
[EventRounds "5"]
[EventCountry "CAN"]

1. d4 d5 2. c4 e5 3. dxe5 d4 4. Nf3 Nc6 5. a3 a5 6. b3 Bc5 7. Bb2 Nge7 8. g3
Bf5 9. Bg2 Qd7 10. O-O Rd8 11. Qd2 Ng6 12. Rd1 h5 13. h4 Ngxe5 14. Nxe5 Nxe5
15. Qxa5 b6 16. Qe1 Bc2 17. Nd2 Ng4 18. b4 Be7 19. Rdc1 Bg6 20. Ne4 c5 21. Ng5
Bxg5 22. hxg5 Qf5 23. Bc6+ Kf8 24. Rd1 Qxg5 25. Bc1 Qf6 26. Bd5 h4 27. Bf4 hxg3
28. Bxg3 Qg5 29. Bg2 f5 30. e3 Re8 31. Bf4 Qh5 32. Qe2 Re4 33. Bf3 Bf7 34. Qf1
Rxf4 35. Qg2 Rxf3 36. Qxf3 Bxc4 37. Qg2 Rh6 38. exd4 Rg6 39. Qa8+ Kf7 40. Qb7+
Kg8 41. Qb8+ Kh7 42. Qf4 Ne3+ 0-1

[Event "Montcalm 2 2023-24"]
[Site "Quebec CAN"]
[Date "2023.10.19"]
[Round "2"]
[White "Talbot, Raymond"]
[Black "Fecteau, Martin"]
[Result "1/2-1/2"]
[WhiteElo "1594"]
[BlackElo "1906"]
[PlyCount "104"]
[EventDate "2023.10.12"]
[EventType "swiss"]
[EventRounds "5"]
[EventCountry "CAN"]

1. e4 c5 2. Nf3 d6 3. d4 cxd4 4. Nxd4 Nf6 5. Nc3 a6 6. Bd3 e5 7. Nde2 b5 8. Ng3
Be7 9. O-O Be6 10. Nh5 O-O 11. Nxf6+ Bxf6 12. Be3 Nd7 13. Nd5 Bxd5 14. exd5 g6
15. b4 Bg7 16. c4 bxc4 17. Bxc4 e4 18. Rc1 Ne5 19. Be2 f5 20. g3 Qd7 21. Bf4
Rac8 22. Rxc8 Qxc8 23. Qb3 Qb7 24. Rc1 Kh8 25. a3 h6 26. h4 Rc8 27. Rxc8+ Qxc8
28. Qe3 Kh7 29. Qb6 Nf7 30. Qxa6 Qc3 31. Qa7 Qf6 32. Be3 g5 33. h5 g4 34. Qd7
Ne5 35. Qe6 Qf8 36. b5 Nd3 37. a4 Nc5 38. Bxc5 dxc5 39. b6 e3 40. Qxe3 Bd4 41.
Qf4 Qf6 42. Qc7+ Kh8 43. Qc6 Qg5 44. Qe8+ Kg7 45. Qg6+ Qxg6 46. hxg6 Kxg6 47.
b7 Be5 48. a5 Kf6 49. a6 Bb8 50. Kf1 Ke5 51. Bc4 h5 52. Kg2 Ba7 1/2-1/2

[Event "Montcalm 2 2023-24"]
[Site "Quebec CAN"]
[Date "2023.10.26"]
[Round "3"]
[White "Boissinot, Claude"]
[Black "Cournoyer, Dominic"]
[Result "0-1"]
[WhiteElo "1466"]
[BlackElo "1908"]
[PlyCount "145"]
[EventDate "2023.10.12"]
[EventType "swiss"]
[EventRounds "5"]
[EventCountry "CAN"]

1. e4 c6 2. d4 d5 3. exd5 cxd5 4. c4 Nf6 5. Nc3 g6 6. Be2 Bg7 7. Be3 O-O 8. Nf3
Nc6 9. O-O Be6 10. c5 Bf5 11. a3 Ng4 12. Bf4 Nf6 13. b4 Ne4 14. Rc1 Nxc3 15.
Rxc3 Be4 16. Be3 a6 17. Qd2 Bxf3 18. Bxf3 e6 19. Rd1 Re8 20. Rc2 Ne7 21. Bg4
Qd7 22. Re1 Qa4 23. Qd3 Nc6 24. Rd2 Ne7 25. Bg5 Qd7 26. Be3 Nc6 27. Bh3 Ne7 28.
Bg5 Nc6 29. Be3 Qe7 30. Rc1 Qh4 31. f3 Qe7 32. g3 Qf6 33. Bg2 Qd8 34. Qc3 Qd7
35. Qd3 Ne7 36. Bh3 Rec8 37. Kf2 Nc6 38. Kg1 Qe7 39. Kf2 Rf8 40. Bg2 Qd7 41.
Bh3 Na7 42. Qb3 Nc6 43. Qc3 Ne7 44. Kg1 Rfc8 45. Qd3 Qa4 46. Kf2 Nc6 47. Kg1
Na7 48. Ra1 Nb5 49. Bf1 Na7 50. Be2 Qd7 51. Rad1 Nc6 52. Bf1 Ne7 53. Bh3 Nc6
54. Kf2 Rcb8 55. Rc2 Bf6 56. Kg1 Kg7 57. Qd2 h5 58. Kh1 Rh8 59. Qf2 Rag8 60.
Rcd2 Kf8 61. f4 Ne7 62. Rd3 Nf5 63. Bxf5 gxf5 64. h3 Rg7 65. Rg1 Rhg8 66. Bc1
Qb5 67. Qd2 Bh4 68. Rf3 Bxg3 69. Qe3 Bf2 70. Rxf2 Rxg1+ 71. Kh2 Qf1 72. Qf3
Rh1+ 73. Qxh1 0-1

[Event "Montcalm 2 2023-24"]
[Site "Quebec CAN"]
[Date "2023.10.26"]
[Round "3"]
[White "Drolet, Stephane"]
[Black "Dumont, Eric"]
[Result "1-0"]
[WhiteElo "2048"]
[BlackElo "1715"]
[PlyCount "101"]
[EventDate "2023.10.12"]
[EventType "swiss"]
[EventRounds "5"]
[EventCountry "CAN"]

1. d4 d5 2. c4 c6 3. Nc3 Nf6 4. Nf3 g6 5. Bf4 Bg7 6. e3 O-O 7. h3 Nbd7 8. Qb3
a5 9. cxd5 a4 10. Nxa4 Qa5+ 11. Nc3 Nxd5 12. Bh2 N7b6 13. Be2 Nxc3 14. Qxc3
Qxc3+ 15. bxc3 Nd5 16. Kd2 Ra3 17. Rhc1 Be6 18. Ng5 Rfa8 19. Bc4 Nf4 20. Nxe6
Nxe6 21. Bb3 Ng5 22. f3 h5 23. h4 Nh7 24. Bf4 Nf6 25. Bg5 e6 26. e4 Kf8 27.
Rab1 R8a7 28. Be3 R3a5 29. a4 Ra8 30. Rc2 b5 31. axb5 cxb5 32. Rcb2 Nd7 33. Bc2
Rb8 34. Bd3 b4 35. cxb4 Ra3 36. Rc2 Ra4 37. Rc7 Ra2+ 38. Rc2 Ra4 39. Rcb2 Ke8
40. Bc2 Ra3 41. Rb3 Ra4 42. R1b2 Rb7 43. Bd3 Rb8 44. e5 Ra1 45. Rc2 Rh1 46. Bg5
Rg1 47. Ke3 Re1+ 48. Kf2 Rd1 49. Rd2 Rc1 50. Ra2 Nb6 51. Bxc1 1-0

[Event "Montcalm 2 2023-24"]
[Site "Quebec CAN"]
[Date "2023.10.26"]
[Round "3"]
[White "Duguay-Piron, Simon"]
[Black "Sarra-Bournet, Marc"]
[Result "0-1"]
[WhiteElo "1611"]
[BlackElo "1844"]
[PlyCount "63"]
[EventDate "2023.10.12"]
[EventType "swiss"]
[EventRounds "5"]
[EventCountry "CAN"]

1. e4 e5 2. Nf3 Nc6 3. d4 exd4 4. Nxd4 Bc5 5. Be3 Qf6 6. c3 Nge7 7. g3 h5 8. h4
d6 9. Bg2 Bd7 10. O-O O-O-O 11. Bg5 Qg6 12. Nxc6 Nxc6 13. Bxd8 Rxd8 14. Kh1 Ne5
15. Qe1 Bb5 16. Rg1 Nd3 17. Bh3+ Kb8 18. Bf5 Qf6 19. Qd2 g6 20. Na3 Nxf2+ 21.
Kg2 Bc6 22. Rgf1 Qxf5 23. Rxf2 Bxe4+ 24. Kf1 Qh3+ 25. Ke2 Bxf2 26. Kxf2 Qg2+
27. Ke3 Qf3+ 28. Kd4 Bd5 29. Qe3 c5+ 30. Kd3 Re8 31. Qxf3 Bxf3 32. Nb5 0-1